| 000 | 00450nam a2200193Ia 4500 | ||
|---|---|---|---|
| 008 | 170918s9999 xx 000 0 und d | ||
| 020 | _a9780545389945 | ||
| 050 | _bF957 2011 | ||
| 100 | _aFuge, Charles | ||
| 245 | _aAstonishing animal ABC / | ||
| 245 | _cCharles fuge. | ||
| 260 | _aNew York : | ||
| 260 | _bScholastic, | ||
| 260 | _c2011 | ||
| 300 | _aunpaged : | ||
| 300 | _bcolored illustration ; | ||
| 300 | _c22cm. | ||
| 500 | _a750 | ||
| 999 |
_c341954 _d341954 |
||